Statistics for Star Wars Quotes

Click here to take the quiz!

General Stats

  • This quiz has been taken 9 times
  • The average score is 9 of 13

Answer Stats

QuoteAnswer% Correct
May the _____ be with you.force
100%
I am your _____.father
100%
These aren't the ______ you are looking for.droids
100%
It's a _____!trap
100%
I find your lack of ______ disturbing.faith
89%
Never tell me the ______!odds
89%
There’s always a bigger_____.fish
78%
I am no _____.Jedi
56%
Help me _______, you are my only _____.Obi-wan Kenobi, hope
44%
You were my brother, ______. I loved youAnakin
44%
I’m one with the_______. The _______ is with meforce force
44%
There is another _______.Skywalker
33%
So this is how liberty dies. With ______ applause.thunderous
22%

Score Distribution

Percentile by Number Answered

Percent of People with Each Score

Your Score History

You have not taken this quiz